000 00399nam a2200169Ia 4500
008 210210b1922 xxu||||| |||| 00| 0 eng d
041 _aeng
082 _a548/56
100 _aNEWELL (Lyman C)
245 _aPractical chemistry
260 _aLondon
_bD C Heath & Co.
_c1922
300 _a543
650 _aPractical
650 _achemistry
690 _aAnalytical Chemistry
906 _a009989
999 _c128161
_d128161